000 00293nam a22001097a 4500
008 230620b xxu||||| |||| 00| 0 eng d
082 _a321
_bCPA 2001
245 _aThe Resurgence of Democracy
260 _aUK
_bThe Commonwealth Parliamentary Association
_c2001
300 _a64p
942 _2ddc
_cBK
999 _c1830
_d1830